| 000 | 00424nam a22001457a 4500 | ||
|---|---|---|---|
| 005 | 20240221074407.0 | ||
| 008 | 240221b |||||||| |||| 00| 0 eng d | ||
| 020 | _a0803993587. | ||
| 082 |
_222 _a320.5409. _bCIT. |
||
| 245 |
_aCitizenship and national identity : _bFrom Colonialism to Globalism / |
||
| 260 |
_aNew Delhi : _bSage publications India Pvt Ltd / _c1997. |
||
| 300 | _a323 p., | ||
| 650 | _aNationalism . | ||
| 942 | _cL | ||
| 999 |
_c464 _d464 |
||